000
00297nam a2200121Ia 4500
008
090707b ii f a fnsan d
040
_a
RCL
100
_a
Thakur,J.
_9
30290
245
_a
Indira Gandhi and Her Power Game
260
_c
1980.
_a
Ghaziabad;
_b
Vikas Pub.
300
_a
612p.
942
_c
BK
999
_c
13958
_d
13958